000 01482nam a22003017a 4500
005 20250709092028.0
008 250708b |||||||| |||| 00| 0 eng d
020 _a9788131703939
040 _cAL
041 _aeng
082 _a302
_bTAYS
100 _aShelley E Taylor and others
_9217803
245 _aSocial psychology
250 _a12
260 _aUttar Pradesh
_bPearson
_c2023
300 _axvii,588p.
_bPB
_c28x21.5cm
365 _2Psychology
_aQNIK-13195
_b750.10
_c
_d750.10
_e-
_f30-06-2025
520 _aGenerations of college students have learned social psychology from this text it provides balanced, up-to-date, and accurate coverage of basic topics, research, and theories. Balancing cutting-edge findings and classic work in the field, the user-friendly Table of Content: Theories and Methods in Social Psychology.Person Perception: Forming Impressions of Others.Social Cognition: Understanding the Social World.The Self: Learning About the Self.Attitudes and Attitude Change.Prejudice.Social Influence.Interpersonal Attraction.Personal Relationships.Behavior in Groups.Gender.Helping Behavior.Aggression. Social Psychology and Health.Social Psychology and the Law.
650 _aPrejudice
_9217786
650 _aGender
_9217787
650 _aLaw
_9217788
650 _aHealth
_9217789
650 _aSelf
_9217790
650 _aCognition
_9217791
700 _aPeplau, Letitia Anne
_9217793
700 _aSears, David O
_9217794
942 _2ddc
_cBK
999 _c234592
_d234592